BFDI Genders Quiz - Statistics

General Stats
  • This quiz has been taken 717 times
    715 since last reset
  • The average score is 53 of 78
Answer Stats
Hint Answer % Correct
Spongy Male
77%
Snowball Male
76%
Flower Female
75%
Ruby Female
75%
David Male
75%
Firey Male
75%
Bubble Female
74%
Pillow Female
74%
Taco Female
74%
Liy Female
74%
Blocky Male
74%
Pen Male
74%
Fries Male
74%
Nickel Male
74%
Needle Female
73%
Pencil Female
73%
Teardrop Female
73%
Dora Female
73%
Woody Male
73%
Donut Male
73%
Yellow Face Male
73%
Clock Male
73%
Firey Jr. Male
73%
Tree Male
73%
Ice Cube Female
72%
Leafy Female
72%
Match Female
72%
Pin Female
72%
Puffball Female
72%
Barf Bag Female
72%
Bell Female
72%
Eggy Female
72%
Naily Female
72%
Coiny Male
72%
Eraser Male
72%
Rocky Male
72%
Gelatin Male
72%
Marker Male
72%
8-Ball Male
71%
Cloudy Male
71%
Grassy Male
71%
Golf Ball Female
70%
Tennis Ball Male
70%
Lollipop Female
69%
Foldy Female
69%
Balloony Male
69%
Loser Male
69%
Book Female
68%
Basketball Female
68%
Bracelety Female
68%
Fanny Female
68%
Purple Face Male
68%
Black Hole Male
68%
Robot Flower Female
67%
Gaty Female
66%
Remote Female
65%
Firey Speaker Box Male
65%
Stapy Male
65%
Flower Speaker Box Female
64%
Puffball Speaker Box Female
64%
Bottle Female
64%
Bomby Male
63%
TV Male
63%
Evil Leafy Female
62%
Pie Female
61%
Saw Female
61%
X Genderless
61%
Roboty Male
60%
Four Genderless
59%
Two Genderless
59%
Lightning Male
56%
Announcer Male
55%
One Genderless
53%
Cake Male
52%
Winner Non-Binary
48%
Price Tag Non-Binary
47%
Profily Non-Binary
41%
Nonexisty Male
26%
No matching quizzes found
Score Distribution
Percent of People with Each Score
Percentile by Number Answered
Your Score History
You have not taken this quiz since the last reset